2000 1449 1388 1155 1482 1826 1492 1435 1941 1412 1123 1578 1300 1767 1867 1455 1149 1357 1342 1141 1367 1570 1012 1278 1403 1003 1594 1252 1257 1944 1385 1990 1302 1072 1859 1468 1181 1085 1042 1147 1052 1973 1732 1541 1243 1112 1883 1163 1449 1830 1451 1534 1336 1828 1983 1825 1125 1681 1022 1847 1706 1895 1062 1773 1294 1820 1901 1378 1974 1615 1179 1991 1238 1162 1894 1526 1970 1187 1478 1543 1563 1518 1717 1700 1100 1645 1756 1585 1307 1253 1757 1800 1200 1758 1949 1451 1664 1975 1865 BCNSPRNW ULIB Ver.6.0+V

เปลี่ยนเป็นภาษาไทย

Change to English
 แสดงรายละเอียดบรรณานุกรม
  กลับหน้าหลัก

Brief Record : Get Marc (ISO 2709) : E-mail record : QR code < ปิดหน้าต่าง
LEADER : 00000nam 2200000uu 4500
001    13399124032
003     ULIB
008    150105s2552||||th 000 0 tha d
020    ^a9789749510346 ล.1
060  4 ^aWE250^bฉ235ต ล.1
100 0  ^aฉัตรเลิศ พงษ์ไชยกุล
245 00 ^aตำราโรคกระดูกพรุน 1 =^bTextbook of osteoporosis /^cฉัตรเลิศ พงษ์ไชยกุล ;บรรณาธิการ
246 31 ^aTextbook of osteoporosis
250    ^aพิมพ์ครั้งที่ 1
260    ^aกรุงเทพฯ :^bโฮลิสติก พับลิชชิ่ง,^c2552
300    ^a564 หน้า :^bภาพประกอบ;^c27ซม.
650  7 ^aกระดูกพรุน^xการรักษา
650  7 ^aกระดูกพรุน, โรค^xการวินิจฉัย
650  7 ^aกระดูกพรุน, โรค^xการรักษา
650  7 ^aกระดูกพรุน^xการวินิจฉัย
710 1  ^aมหาวิทยาลัยขอนแก่น.^bคณะแพทยศาสตร์.^bภาควิชาอายุรศาสตร์.
945    ^p0^l0^i037798
945    ^p0^l0^i037799
999    ^aเกษร โพธิ์สุวรรณ
รายการนี้ยังไม่มีแท็ก
คุณยังไม่ได้ล็อกอิน คุณสามารถมีกิจกรรมร่วมกับเว็บไซต์ได้ แต่ต้องล็อกอินก่อน ::
  ล็อกอิน

รายการสื่อสารสนเทศ

ลำดับที่ ประเภท เลขเรียก/บาร์โค้ด สถานที่ สถานะ
1. วิทยาศาสตร์การแพทย์ และสุขภาพ
หนังสือสำรอง
สถานะ=หนังสือสำรอง
WE250 ฉ235ต ล.1 ฉ.1 
  Barcode: 037798
ห้องสมุดวิทยาเขตสวรรค์ประชารักษ์
►หนังสือทั่วไป
บนชั้น
2. วิทยาศาสตร์การแพทย์ และสุขภาพ
วิทยาศาสตร์การแพทย์ และสุขภาพ
WE250 ฉ235ต ล.1 ฉ.2 
  Barcode: 037799
ห้องสมุดวิทยาเขตสวรรค์ประชารักษ์
►หนังสือทั่วไป
บนชั้น

รายการใกล้เคียง
    ผู้แต่ง [ฉัตรเลิศ พงษ์ไชยกุล]

BibComment


ยังไม่เคยถูกคอมเมนท์

คอมเมนท์ทรัพยากรรายการนี้
  คอมเมนท์: ตำราโรคกระดูกพรุ..


 Copyright 2026. Bcnsprnw @Library